[Event "aut_chT03"]
[Site "Jenbach"]
[Date "2004.01.25"]
[Round "7"]
[Board "2"]
[White "Kosten, Anthony C."]
[Black "Schroll, Gerhard"]
[Result "1-0"]
[WhiteElo "2507"]
[BlackElo "2404"]
[PlyCount "193"]

1.Nf3 Nf6 2.c4 e6 3.g3 c5 4.Bg2 Nc6 5.O-O d5 6.cxd5 Nxd5 7.Nc3 Be7 8.Nxd5 Qxd5
9.d4 Nxd4 10.Nxd4 Qxd4 11.Qc2 O-O 12.Rd1 Qf6 13.Be3 a5 14.Rd2 a4 15.Bxc5 Bxc5
16.Qxc5 a3 17.Qc3 axb2 18.Qxf6 gxf6 19.Rxb2 Rd8 20.a4 Ra7 21.f4 Rd6 22.a5 Kf8
23.Rc1 Bd7 24.Rc5 Bc6 25.Bxc6 bxc6 26.Kf2 Rd5 27.Rxc6 Rdxa5 28.Rc8+ Kg7 29.Rbb8
f5 30.Rg8+ Kf6 31.Rh8 Rd7 32.Rxh7 Ra2 33.Rb1 Rdd2 34.Re1 Rd8 35.Rh4 Rb8 36.g4
fxg4 37.Rxg4 Kf5 38.Reg1 Rbb2 39.Rg5+ Ke4 40.Re5+ Kxf4 41.Re3 e5 42.h4 f5 43.h5
e4 44.h6 Rb7 45.Rh3 Raa7 46.Rg6 Rh7 47.Rh4+ Ke5 48.Rh5 Raf7 49.Kg3 Rf6 50.Rxf6
Kxf6 51.Kf4 Kg6 52.Rh1 e3 53.Rg1+ Kf6 54.Rg5 Rxh6 55.Rxf5+ Kg6 56.Rf8 Rh3 57.Ke4
Kg5 58.Ke5 Kg6 59.Kf4 Kg7 60.Re8 Kf6 61.Kg4 Rh1 62.Rxe3 Ra1 63.Kf4 Ra4+ 64.Re4
Ra2 65.Re5 Ra4+ 66.Re4 Ra2 67.Kf3 Ra3+ 68.e3 Kf5 69.Rh4 Ra1 70.Rh5+ Kg6 71.Rb5
Kf6 72.Kf4 Rf1+ 73.Ke4 Ra1 74.Rb6+ Ke7 75.Rh6 Ra4+ 76.Ke5 Ra5+ 77.Kf4 Ra4+ 78.e4
Ra1 79.Kf5 Rf1+ 80.Ke5 Ra1 81.Rh7+ Kf8 82.Rd7 Ke8 83.Ke6 Ra6+ 84.Rd6 Ra4 85.e5
Ra1 86.Rb6 Kf8 87.Rb8+ Kg7 88.Rd8 Ra6+ 89.Ke7 Ra5 90.e6 Ra7+ 91.Rd7 Ra1 92.Rc7
Ra2 93.Kd7 Rd2+ 94.Ke8+ Kg8 95.e7 Kg7 96.Rc4 Ra2 97.Rg4+

[Event "aut_chT03"]
[Site "Jenbach"]
[Date "2004.01.25"]
[Round "7"]
[Board "5"]
[White "Roth, Peter"]
[Black "Watzka, Horst"]
[Result "1/2-1/2"]
[WhiteElo "2301"]
[BlackElo "2338"]
[PlyCount "21"]

1.e4 e5 2.Nf3 Nc6 3.Bb5 a6 4.Bxc6 dxc6 5.d4 exd4 6.Qxd4 Qxd4 7.Nxd4 Bd7 8.Be3
O-O-O 9.Nd2 Re8 10.O-O-O c5 11.N4b3

[Event "aut_chT03"]
[Site "Jenbach"]
[Date "2004.01.25"]
[Round "7"]
[Board "4"]
[White "Mahdy, Khaled"]
[Black "Stanec, Nikolaus"]
[Result "0-1"]
[WhiteElo "2418"]
[BlackElo "2539"]
[PlyCount "112"]

1.e4 c5 2.Nf3 e6 3.d4 cxd4 4.Nxd4 Nf6 5.Bd3 Nc6 6.Nxc6 dxc6 7.O-O e5 8.Nd2 Be6
9.Qe2 Bc5 10.Nc4 Nd7 11.Bd2 O-O 12.b4 Be7 13.a3 Qc7 14.Ne3 Bg5 15.Rfd1 Nf6 16.c4
a5 17.bxa5 Nd7 18.Rab1 Nc5 19.Bb4 Be7 20.Bc2 Rfd8 21.Qh5 g6 22.Qf3 Na6 23.Qg3
Rxd1+ 24.Bxd1 Bc5 25.Be2 Rd8 26.h4 Bc8 27.h5 Qe7 28.hxg6 hxg6 29.Nc2 Nxb4
30.axb4 Rd2 31.bxc5 Rxc2 32.Qe3 Ra2 33.Bf1 Rxa5 34.Qd2 Rxc5 35.Qb4 Be6 36.Ra1
Kg7 37.Ra7 Qd6 38.Rxb7 Qd4 39.Rb8 Bxc4 40.Rd8 Qxd8 41.Qxc5 Bxf1 42.Qxe5+ Kg8
43.f4 Bc4 44.f5 Qd1+ 45.Kh2 Qh5+ 46.Kg1 Qd1+ 47.Kh2 Qd8 48.Kg1 gxf5 49.exf5 Qd1+
50.Kh2 Qh5+ 51.Kg1 Bd5 52.Qf4 f6 53.Qb8+ Kh7 54.Qc7+ Qf7 55.Qf4 Qa7+ 56.Kh2 Qg7

[Event "aut_chT03"]
[Site "Jenbach"]
[Date "2004.01.25"]
[Round "7"]
[Board "6"]
[White "Wukits, Rene"]
[Black "Knoll, Hermann"]
[Result "1/2-1/2"]
[WhiteElo "2301"]
[BlackElo "2393"]
[PlyCount "223"]

1.e4 c5 2.Nf3 d6 3.d4 cxd4 4.Nxd4 Nf6 5.Nc3 a6 6.Bc4 e6 7.O-O Qc7 8.Bb3 Be7 9.f4
Nbd7 10.Qe2 O-O 11.f5 Nc5 12.fxe6 fxe6 13.Be3 Kh8 14.a4 Bd7 15.Ba2 Rae8 16.Kh1
Bd8 17.Bg1 e5 18.Nf5 Nxa4 19.Nxa4 Bxa4 20.Bf7 Rxf7 21.Rxa4 Qd7 22.Ra3 d5 23.exd5
Nxd5 24.Qe4 Nf4 25.Ng3 Bf6 26.Re3 Rd8 27.Ree1 Rff8 28.Bc5 Rfe8 29.Nf5 Ne6 30.Bb6
Rc8 31.c3 Qc6 32.Qxc6 Rxc6 33.Be3 Rd8 34.Rd1 Rxd1 35.Rxd1 Kg8 36.g3 Kf8 37.Kg2
g6 38.Nd6 b5 39.Ne4 Ke7 40.Kf3 Bg7 41.h4 h6 42.h5 gxh5 43.Rh1 b4 44.Rxh5 bxc3
45.bxc3 a5 46.Rh2 a4 47.Ra2 Rc4 48.Rb2 Nc7 49.Bc5+ Kd7 50.Rd2+ Ke6 51.Rd6+ Ke7
52.Rg6+ Kf7 53.Rc6 Nb5 54.Rb6 Rxc5 55.Nxc5 Nxc3 56.Ra6 Bf6 57.Ne4 Nxe4 58.Kxe4
Kg6 59.Rxa4 Kg5 60.Kd5 Kf5 61.g4+ Kg5 62.Ke6 Kg6 63.Ra8 Bg7 64.Ra7 Bf6 65.Rf7
Bg7 66.Rf5 Bh8 67.Kd5 Bf6 68.Ke4 Bg7 69.Kf3 Bf6 70.Kg3 Bg7 71.Rf1 Bf6 72.Rb1 Bg7
73.Rb7 Bf6 74.Ra7 Bg7 75.g5 hxg5 76.Kg4 e4 77.Re7 Bc3 78.Re6+ Kf7 79.Kf5 Bd2
80.Rxe4 Bf4 81.Re1 Bd2 82.Rd1 Bf4 83.Rd7+ Ke8 84.Ke6 Be3 85.Rd5 Bf4 86.Rd3 Kf8
87.Kf6 Ke8 88.Rd1 Bc7 89.Kxg5 Ke7 90.Kf5 Bd6 91.Ke4 Ke6 92.Rc1 Bb8 93.Rc8 Bd6
94.Rc6 Kd7 95.Kd5 Bb8 96.Kc5 Ba7+ 97.Kb5 Be3 98.Rc3 Bf2 99.Ka6 Kd6 100.Rf3 Bd4
101.Rd3 Kc5 102.Rd1 Kc4 103.Ka5 Bc3+ 104.Kb6 Be5 105.Kc6 Bf4 106.Rh1 Kd4 107.Rh4
Ke4 108.Kc5 Kf3 109.Kd5 Kg3 110.Rh7 Kg2 111.Ke4 Bh2 112.Rxh2+

[Event "aut_chT03"]
[Site "Jenbach"]
[Date "2004.01.25"]
[Round "7"]
[Board "1"]
[White "Pinter, Jozsef"]
[Black "Mueller, Karsten"]
[Result "1/2-1/2"]
[WhiteElo "2501"]
[BlackElo "2517"]
[PlyCount "57"]

1.d4 d5 2.c4 c6 3.Nc3 Nf6 4.Nf3 e6 5.cxd5 cxd5 6.Bf4 Nc6 7.e3 Be7 8.Bd3 Bd7 9.h3
Rc8 10.O-O O-O 11.Rc1 Ne8 12.Qe2 Bd6 13.Bxd6 Nxd6 14.Rfd1 Qe7 15.Ne5 Rc7 16.Nb5
Nxb5 17.Bxb5 Rfc8 18.Bxc6 Bxc6 19.Qd2 Ba4 20.b3 Bb5 21.Qb2 a5 22.Nf3 h6 23.Ne1
Qd6 24.Nf3 b6 25.Ne5 g5 26.Qb1 Be8 27.Nd3 f6 28.Rxc7 Rxc7 29.Rc1

[Event "aut_chT03"]
[Site "Jenbach"]
[Date "2004.01.25"]
[Round "7"]
[Board "2"]
[White "Polzin, Rainer"]
[Black "Balogh, Csaba"]
[Result "1/2-1/2"]
[WhiteElo "2497"]
[BlackElo "2456"]
[PlyCount "87"]

1.e4 c5 2.Nf3 d6 3.d4 cxd4 4.Nxd4 Nf6 5.Nc3 Nc6 6.Bc4 e6 7.Be3 Be7 8.Qe2 Bd7
9.O-O-O Rc8 10.Nxc6 bxc6 11.g4 O-O 12.g5 Ne8 13.h4 d5 14.Bd3 Bb4 15.Qh5 f5
16.exf5 exf5 17.Bd4 Nd6 18.Rhg1 Be8 19.Qe2 Rc7 20.h5 Re7 21.Qf3 Ne4 22.h6 g6
23.Bg7 Rff7 24.Bxe4 fxe4 25.Qe3 Rf3 26.Qd4 Qa5 27.Rg3 Rf5 28.Bf6 Bc5 29.Qd2 Rxf2
30.Qe1 Re6 31.Bd4 Bxd4 32.Rxd4 Rf5 33.Rd1 Qc7 34.Qe3 Qf4 35.Qxf4 Rxf4 36.Ne2 Rf2
37.Nd4 Re5 38.b4 a5 39.a3 axb4 40.axb4 Kf8 41.Ra3 Bd7 42.Ra8+ Ke7 43.Ra7 Ke8
44.Ra8+

[Event "aut_chT03"]
[Site "Jenbach"]
[Date "2004.01.25"]
[Round "7"]
[Board "3"]
[White "Fogarasi, Tibor"]
[Black "Kotz, Heinz Peter"]
[Result "1-0"]
[WhiteElo "2477"]
[BlackElo "2350"]
[PlyCount "73"]

1.e4 e5 2.Nf3 Nc6 3.Bb5 a6 4.Ba4 Nf6 5.O-O Be7 6.d3 b5 7.Bb3 d6 8.c3 O-O 9.a4
Rb8 10.axb5 axb5 11.Re1 h6 12.Nbd2 Re8 13.Nf1 Bf8 14.Ng3 d5 15.exd5 Nxd5 16.d4
Bg4 17.h3 Be6 18.Nxe5 Nxe5 19.Rxe5 c6 20.Bd2 Bd6 21.Re1 f5 22.Qf3 Qf6 23.Re2 Re7
24.Rae1 Rbe8 25.Bc2 Rf8 26.Nh5 Qf7 27.Nf4 Bxf4 28.Bxf4 Rfe8 29.Qg3 Nf6 30.Bd6
Rd7 31.Be5 Nh5 32.Qf3 Bc4 33.Qxf5 Bxe2 34.Qh7+ Kf8 35.Bg6 Qg8 36.Qxg8+ Kxg8
37.Bxe8

[Event "aut_chT03"]
[Site "Jenbach"]
[Date "2004.01.25"]
[Round "7"]
[Board "5"]
[White "Kuba, Guenter"]
[Black "Frosch, Ronald"]
[Result "1/2-1/2"]
[WhiteElo "2339"]
[BlackElo "2210"]
[PlyCount "101"]

1.e4 d6 2.d4 Nf6 3.Nc3 g6 4.Be3 Bg7 5.f3 O-O 6.Qd2 c6 7.Bh6 b5 8.h4 Qa5 9.h5 b4
10.Nce2 Bxh6 11.Qxh6 g5 12.e5 dxe5 13.Qxg5+ Kh8 14.Qxe5 Qxe5 15.dxe5 Nd5
16.O-O-O e6 17.Nd4 Bb7 18.Nb3 Nd7 19.Na5 Rab8 20.Nxb7 Rxb7 21.Re1 Rg8 22.Nh3 a5
23.g4 a4 24.Bc4 a3 25.bxa3 bxa3 26.Bb3 Nb4 27.Re3 Nc5 28.Bc4 Rgb8 29.Rhe1 Nxc2
30.Kxc2 Rb2+ 31.Kc3 Rd8 32.Bb3 Rdd2 33.Kb4 Nd3+ 34.Rxd3 Rxd3 35.Kxa3 Rh2 36.Ng5
Kg7 37.Rc1 h6 38.Ne4 Rxf3 39.Rxc6 Re2 40.Rc4 Rf4 41.Nd6 Rf3 42.Rc5 Rfe3 43.Nc4
Re4 44.Kb4 Rxg4 45.Bd1 Rxc4+ 46.Rxc4 Rxa2 47.Rf4 Rd2 48.Bf3 Rc2 49.Be4 Rc1
50.Rg4+ Kf8 51.Rf4

[Event "aut_chT03"]
[Site "Jenbach"]
[Date "2004.01.25"]
[Round "7"]
[Board "6"]
[White "Wallner, Walter"]
[Black "Wach, Markus"]
[Result "1/2-1/2"]
[WhiteElo "2128"]
[BlackElo "2359"]
[PlyCount "125"]

1.e4 c6 2.d4 d5 3.exd5 cxd5 4.Bd3 Nc6 5.c3 Nf6 6.Bf4 Bg4 7.Qb3 Na5 8.Qc2 e6
9.Nd2 Bd6 10.Bg3 Nc6 11.Ngf3 Qc7 12.O-O Bxg3 13.hxg3 Bh5 14.b4 Bg6 15.b5 Na5
16.Ne5 Rc8 17.Rfc1 b6 18.a4 O-O 19.Bxg6 hxg6 20.Qd3 Nd7 21.Nxd7 Qxd7 22.c4 dxc4
23.Nxc4 Nxc4 24.Rxc4 Rxc4 25.Qxc4 Rc8 26.Qb4 Qd5 27.Re1 Rd8 28.Rc1 Qxd4 29.Qxd4
Rxd4 30.Rc8+ Kh7 31.Rc7 Rxa4 32.Rxf7 Ra1+ 33.Kh2 g5 34.Re7 Ra5 35.g4 Rxb5
36.Rxa7 Kg6 37.Kg3 Rb3+ 38.f3 Rb2 39.Rb7 Kf6 40.Kh3 b5 41.g3 g6 42.Rb8 b4 43.f4
gxf4 44.gxf4 g5 45.fxg5+ Kxg5 46.Rb5+ Kf4 47.g5 Rb3+ 48.Kh2 Rb2+ 49.Kh3 Rb3+
50.Kh2 Rc3 51.Rxb4+ Kxg5 52.Kg2 Kf5 53.Kf2 e5 54.Ke2 Ra3 55.Rc4 Ke6 56.Rh4 Kd5
57.Rb4 Ra2+ 58.Ke3 Ra1 59.Rb5+ Ke6 60.Rb8 Re1+ 61.Kf2 Re4 62.Kf3 Rd4 63.Kf2

[Event "aut_chT03"]
[Site "Jenbach"]
[Date "2004.01.25"]
[Round "7"]
[Board "1"]
[White "Wells, Peter"]
[Black "Boensch, Uwe"]
[Result "1/2-1/2"]
[WhiteElo "2493"]
[BlackElo "2545"]
[PlyCount "31"]

1.c4 e6 2.g3 d5 3.Bg2 Nf6 4.Nf3 Be7 5.O-O O-O 6.d4 dxc4 7.Qc2 a6 8.Qxc4 b5 9.Qc2
Bb7 10.Bg5 Nbd7 11.Bxf6 Nxf6 12.Nbd2 Rc8 13.Nb3 Be4 14.Qc3 Nd5 15.Qd2 Bb4 16.Qd1

[Event "aut_chT03"]
[Site "Jenbach"]
[Date "2004.01.25"]
[Round "7"]
[Board "2"]
[White "Stangl, Markus"]
[Black "Rabiega, Robert"]
[Result "0-1"]
[WhiteElo "2493"]
[BlackElo "2527"]
[PlyCount "72"]

1.c4 e5 2.Nc3 Nf6 3.Nf3 Nc6 4.g3 Bb4 5.Nd5 e4 6.Nh4 O-O 7.Bg2 Re8 8.O-O Bc5 9.d3
exd3 10.Qxd3 Ne5 11.Qc3 c6 12.Nxf6+ Qxf6 13.b4 Bf8 14.Bb2 Nxc4 15.Qxf6 gxf6
16.Bc3 Rxe2 17.Rfe1 Re6 18.Bh3 Rxe1+ 19.Rxe1 d5 20.Bf5 Bxf5 21.Nxf5 Nd6 22.Nxd6
Bxd6 23.a3 Kg7 24.g4 c5 25.Rd1 Rd8 26.Kg2 d4 27.Bb2 b6 28.h4 Be5 29.g5 Kg6
30.gxf6 c4 31.Kf3 Kf5 32.Rg1 c3 33.Bc1 Bxf6 34.Rg4 d3 35.Rf4+ Ke5 36.Rxf6 d2

[Event "aut_chT03"]
[Site "Jenbach"]
[Date "2004.01.25"]
[Round "7"]
[Board "3"]
[White "Grosar, Aljosa"]
[Black "Weinzettl, Ernst"]
[Result "1-0"]
[WhiteElo "2444"]
[BlackElo "2343"]
[PlyCount "71"]

1.e4 e6 2.d4 d5 3.e5 c5 4.c3 Qb6 5.Nf3 Nc6 6.a3 Bd7 7.b4 cxd4 8.cxd4 Rc8 9.Bb2
Na5 10.Nbd2 Nc4 11.Nxc4 dxc4 12.Rc1 a5 13.Nd2 axb4 14.Nxc4 Rxc4 15.Bxc4 bxa3
16.Bc3 Qc6 17.Be2 Qxg2 18.Bf3 Qh3 19.Bxb7 Nh6 20.Qf3 Qxf3 21.Bxf3 Be7 22.Rb1 a2
23.Rb8+ Bd8 24.Ke2 O-O 25.Ra1 Bg5 26.Rxf8+ Kxf8 27.Rxa2 Bb5+ 28.Ke1 f6 29.d5
exd5 30.Bxd5 fxe5 31.Bxe5 Ng4 32.Ra8+ Ke7 33.Ra7+ Bd7 34.Bxg7 Kd6 35.Bf8+ Kxd5
36.Rxd7+

[Event "aut_chT03"]
[Site "Jenbach"]
[Date "2004.01.25"]
[Round "7"]
[Board "5"]
[White "Fahrner, Kurt"]
[Black "Kleissl, Helmut"]
[Result "1-0"]
[WhiteElo "2376"]
[BlackElo "2311"]
[PlyCount "61"]

1.c4 d6 2.Nc3 e5 3.Nf3 f5 4.d4 e4 5.Ng5 Be7 6.Nh3 c6 7.Bf4 Nd7 8.e3 Ngf6 9.Qb3
Nf8 10.Be2 h6 11.Bg3 g5 12.Ng1 Ng6 13.h4 O-O 14.hxg5 hxg5 15.Nh3 Ne8 16.Bh5 Kg7
17.O-O-O Nc7 18.f3 exf3 19.gxf3 Rh8 20.Bxg6 Kxg6 21.c5 Ne6 22.cxd6 Bxd6 23.Be5
Rh5 24.e4 f4 25.Nf2 Rxh1 26.Rxh1 Bxe5 27.dxe5 Nd4 28.Qd1 Be6 29.Nd3 Bc4 30.Nxf4+
gxf4 31.Qg1+

[Event "aut_chT03"]
[Site "Jenbach"]
[Date "2004.01.25"]
[Round "7"]
[Board "6"]
[White "Blaas, Hansjoerg"]
[Black "Loebler, Heimo"]
[Result "1-0"]
[WhiteElo "2267"]
[BlackElo "2212"]
[PlyCount "101"]

1.e4 d5 2.exd5 Nf6 3.d4 Bg4 4.f3 Bf5 5.Bb5+ Nbd7 6.Nc3 a6 7.Bd3 Bxd3 8.Qxd3 Nb6
9.Nge2 Nfxd5 10.O-O Nxc3 11.Nxc3 e6 12.Be3 Be7 13.Ne4 Qd5 14.b3 O-O 15.c4 Qf5
16.Rad1 Rfd8 17.Qe2 Nc8 18.Rd2 c6 19.Rfd1 Bb4 20.Rd3 Nd6 21.Ng3 Qg6 22.Bf4 Nf5
23.Ne4 h6 24.Bc7 Rd7 25.Bb6 Bf8 26.a4 Re7 27.a5 Rae8 28.Qf2 Rd7 29.Qc2 Nh4
30.Qf2 Nf5 31.Kh1 Bd6 32.d5 cxd5 33.cxd5 e5 34.Bc5 Rc7 35.b4 Rcc8 36.g4 Bxc5
37.bxc5 Nd4 38.Nd6 f5 39.gxf5 Nxf5 40.Nxc8 Rxc8 41.d6 Nd4 42.Qa2+ Kh8 43.Qd5 Nc6
44.Rb3 Nxa5 45.Rxb7 Nxb7 46.Qxb7 Rf8 47.d7 Qf6 48.Qd5 Kh7 49.c6 Rd8 50.c7 Rxd7
51.Qe4+

[Event "aut_chT03"]
[Site "Jenbach"]
[Date "2004.01.25"]
[Round "7"]
[Board "1"]
[White "Gustafsson, Jan"]
[Black "Bischoff, Klaus"]
[Result "1/2-1/2"]
[WhiteElo "2572"]
[BlackElo "2561"]
[PlyCount "23"]

1.Nf3 Nf6 2.c4 b6 3.Nc3 Bb7 4.d4 e6 5.a3 Ne4 6.Nxe4 Bxe4 7.e3 d6 8.Bd3 Bxd3
9.Qxd3 Nd7 10.O-O g6 11.e4 Bg7 12.Bg5

[Event "aut_chT03"]
[Site "Jenbach"]
[Date "2004.01.25"]
[Round "7"]
[Board "2"]
[White "Steflitsch, Erich"]
[Black "Atlas, Valery"]
[Result "0-1"]
[WhiteElo "2388"]
[BlackElo "2471"]
[PlyCount "110"]

1.e4 c5 2.Nf3 e6 3.d4 cxd4 4.Nxd4 Nf6 5.Nc3 d6 6.g4 h6 7.g5 hxg5 8.Bxg5 Nc6
9.Qd2 Qb6 10.Nb3 Ne5 11.Qe2 Bd7 12.f4 Ng6 13.f5 Ne5 14.O-O-O a6 15.h4 O-O-O
16.Bh3 Re8 17.Nd4 Qc7 18.Kb1 Kb8 19.Rhf1 Nh7 20.Bc1 Qc8 21.fxe6 fxe6 22.Nf3 Nf6
23.Bg5 Be7 24.Nxe5 dxe5 25.Rf3 Nh7 26.Be3 Rhf8 27.Bg1 Rxf3 28.Qxf3 Nf6 29.Qe3
Qc7 30.Qa7+ Kc8 31.Bf1 Qb8 32.Qe3 Nh5 33.Bxa6 bxa6 34.Qe2 Nf6 35.Qxa6+ Qb7
36.Qa5 Bc6 37.Qxe5 Bb4 38.a3 Bxa3 39.b3 Bb4 40.Kb2 Bxc3+ 41.Qxc3 Nxe4 42.Qc4 Qb5
43.Qd4 e5 44.Qa7 Qb7 45.Qa5 Nf6 46.c4 e4 47.b4 Qc7 48.Qa6+ Bb7 49.Qa7 e3 50.Bxe3
Qe5+ 51.Rd4 Nd7 52.Bf4 Qf6 53.Kb3 Re1 54.Qa5 Qc6 55.Rd5 Re4

[Event "aut_chT03"]
[Site "Jenbach"]
[Date "2004.01.25"]
[Round "7"]
[Board "3"]
[White "Naumann, Alexander"]
[Black "Hoelzl, Franz"]
[Result "1/2-1/2"]
[WhiteElo "2529"]
[BlackElo "2361"]
[PlyCount "114"]

1.e4 c6 2.d4 d5 3.Nd2 dxe4 4.Nxe4 Bf5 5.Ng3 Bg6 6.h4 h6 7.Nf3 e6 8.Ne5 Bh7 9.Bd3
Bxd3 10.Qxd3 Nf6 11.Bd2 Be7 12.O-O-O O-O 13.f4 Nbd7 14.Qf3 c5 15.dxc5 Nxc5 16.f5
Qd5 17.Qxd5 exd5 18.Bb4 Rfe8 19.Rh3 b6 20.Nh1 Bd6 21.Nf3 h5 22.Nd4 Re4 23.Bxc5
bxc5 24.Nb5 Bf4+ 25.Kb1 Rae8 26.Nf2 Re1 27.Rh1 Rxh1 28.Rxh1 c4 29.Nh3 Bb8 30.Nd4
Bg3 31.a4 Bxh4 32.Nc6 Bg3 33.Rd1 Kf8 34.Ng5 Bf2 35.Nf3 Bc5 36.Nfe5 Bb6 37.b4 a6
38.c3 Bc7 39.Re1 Kg8 40.Nf3 Rxe1+ 41.Nxe1 Kf8 42.Nf3 Ng4 43.a5 Ke8 44.b5 axb5
45.a6 Bb6 46.a7 Bxa7 47.Nxa7 Ne3 48.Nh4 Ke7 49.Nxb5 Kf6 50.Nd4 Kg5 51.Nhf3+ Kf4
52.f6 gxf6 53.Ne2+ Kf5 54.Ne1 h4 55.Kc1 Ke4 56.Ng1 Kf4 57.Ne2+ Ke4

[Event "aut_chT03"]
[Site "Jenbach"]
[Date "2004.01.25"]
[Round "7"]
[Board "4"]
[White "Moser, Guenter"]
[Black "Novkovic, Milan"]
[Result "1/2-1/2"]
[WhiteElo "2356"]
[BlackElo "2371"]
[PlyCount "37"]

1.f4 d5 2.Nf3 g6 3.g3 c6 4.Bg2 Bg7 5.e3 Bg4 6.d4 Nd7 7.Nbd2 Nh6 8.h3 Bxf3 9.Qxf3
Nf5 10.c3 Nf6 11.Bf1 Qd7 12.g4 Nd6 13.Bd3 e6 14.b3 h5 15.g5 Ng8 16.Ba3 Ne7
17.Rc1 Nef5 18.Bxd6 Qxd6 19.Qf2

[Event "aut_chT03"]
[Site "Jenbach"]
[Date "2004.01.25"]
[Round "7"]
[Board "5"]
[White "Gaertner, Guntram"]
[Black "Petschar, Kurt"]
[Result "1/2-1/2"]
[WhiteElo "2340"]
[BlackElo "2281"]
[PlyCount "63"]

1.d4 d5 2.c4 c6 3.cxd5 cxd5 4.Nf3 Nf6 5.Nc3 Nc6 6.Bf4 a6 7.e3 Bg4 8.Be2 e6 9.O-O
Be7 10.Rc1 O-O 11.Ne5 Bxe2 12.Nxc6 Bxd1 13.Nxd8 Raxd8 14.Rfxd1 Rc8 15.Bg5 Rc4
16.Bxf6 Bxf6 17.b3 Rc6 18.Ne2 Rfc8 19.Rxc6 Rxc6 20.Rc1 Rxc1+ 21.Nxc1 Kf8 22.Nd3
Be7 23.Kf1 Ke8 24.Ke2 Bd6 25.h3 Kd7 26.g4 f5 27.f3 g6 28.Ne1 Bb4 29.Nc2 Be7
30.Kd3 Bg5 31.Ke2 Be7 32.Ne1

[Event "aut_chT03"]
[Site "Jenbach"]
[Date "2004.01.25"]
[Round "7"]
[Board "6"]
[White "Genser, Harald"]
[Black "Grabher, Heinz"]
[Result "0-1"]
[WhiteElo "2263"]
[BlackElo "2234"]
[PlyCount "106"]

1.d4 Nf6 2.c4 e6 3.Nc3 Bb4 4.Qc2 c5 5.dxc5 O-O 6.Bf4 Na6 7.a3 Bxc3+ 8.Qxc3 Ne4
9.Qd4 Naxc5 10.Rd1 d5 11.cxd5 exd5 12.Be3 Be6 13.f3 Nb3 14.Qb4 d4 15.fxe4 a5
16.Qb5 dxe3 17.Rxd8 Rfxd8 18.Qd3 Na1 19.Qb1 Rd2 20.Qxa1 Bb3 21.Nf3 Rad8 22.Nxd2
exd2+ 23.Kf2 d1=Q 24.Qxd1 Rxd1 25.h4 Rb1 26.Rh3 Rxb2 27.Rc3 Be6 28.g3 Kf8 29.Bg2
Ke7 30.e5 Kd7 31.Ke3 a4 32.Be4 h6 33.Bc2 b5 34.Bd3 b4 35.axb4 Rxb4 36.Bc2 Bb3
37.Bf5+ Be6 38.Bc2 h5 39.Kd2 g6 40.Ra3 Bb3 41.Bxb3 axb3 42.Kc1 Ke6 43.Kb2 Kxe5
44.Ra5+ Ke4 45.Ra7 f6 46.Re7+ Kf5 47.Re3 Rb6 48.Rd3 Kg4 49.Rf3 Kh3 50.e4 Kg2
51.Rd3 Re6 52.Kxb3 Rxe4 53.Kc2 Rg4

[Event "aut_chT03"]
[Site "Jenbach"]
[Date "2004.01.25"]
[Round "7"]
[Board "1"]
[White "Tischbierek, Raj"]
[Black "Shchekachev, Andrei"]
[Result "1/2-1/2"]
[WhiteElo "2507"]
[BlackElo "2520"]
[PlyCount "33"]

1.e4 c6 2.d4 d5 3.Nc3 dxe4 4.Nxe4 Bf5 5.Ng3 Bg6 6.h4 h6 7.Nf3 Nd7 8.h5 Bh7 9.Bd3
Bxd3 10.Qxd3 Ngf6 11.Bf4 e6 12.O-O-O Be7 13.Ne4 Nxe4 14.Qxe4 Nf6 15.Qe2 Qa5
16.a3 Qf5 17.Be5

[Event "aut_chT03"]
[Site "Jenbach"]
[Date "2004.01.25"]
[Round "7"]
[Board "2"]
[White "Hertneck, Gerald"]
[Black "Vogt, Lothar"]
[Result "1-0"]
[WhiteElo "2536"]
[BlackElo "2466"]
[PlyCount "91"]

1.d4 Nf6 2.c4 g6 3.Nc3 Bg7 4.e4 d6 5.Nf3 O-O 6.Be2 Bg4 7.Be3 Nfd7 8.Rc1 a6 9.Qd2
c5 10.d5 Qa5 11.Bh6 Nf6 12.Bxg7 Kxg7 13.e5 dxe5 14.Nxe5 Bxe2 15.Qxe2 Nbd7 16.O-O
Rfe8 17.f4 Qc7 18.Rcd1 Rad8 19.Rfe1 Nf8 20.g4 N6d7 21.Rd3 f6 22.Nxd7 Rxd7 23.g5
f5 24.Qd2 Qd6 25.Re5 b5 26.cxb5 axb5 27.Nxb5 Qb6 28.Na3 c4+ 29.Rde3 Rc8 30.Qc3
Kf7 31.Nxc4 Qa7 32.b3 Rcd8 33.Qd2 Re8 34.Kg2 Qb7 35.Kg3 Red8 36.d6 exd6 37.Rd5
Kg8 38.Red3 Ne6 39.Rxd6 Rxd6 40.Rxd6 Re8 41.Qd5 Qa7 42.Nb6 Qe7 43.Nd7 Kh8
44.Qe5+ Ng7 45.Qxe7 Rxe7 46.Nf6

[Event "aut_chT03"]
[Site "Jenbach"]
[Date "2004.01.25"]
[Round "7"]
[Board "4"]
[White "Danner, Georg"]
[Black "Miniboeck, Guenter"]
[Result "0-1"]
[WhiteElo "2393"]
[BlackElo "2333"]
[PlyCount "154"]

1.d4 Nf6 2.Nf3 e6 3.e3 b6 4.Bd3 Bb7 5.O-O d5 6.c4 dxc4 7.Bxc4 a6 8.Qe2 Nbd7 9.a4
c5 10.Nc3 Bd6 11.Rd1 O-O 12.e4 cxd4 13.Nxd4 Qb8 14.g3 Nc5 15.f3 Rd8 16.Be3 Be5
17.Rac1 h6 18.Rc2 a5 19.Rcd2 Qc7 20.Ndb5 Qe7 21.b3 Rac8 22.Kf1 Bc6 23.Rxd8+ Rxd8
24.Rxd8+ Qxd8 25.Qd2 Qb8 26.Ke2 Kf8 27.Kd1 Ke7 28.Kc2 g5 29.Bd4 Nfd7 30.Bg1 Qh8
31.Nd4 Bb7 32.Qe3 Qb8 33.Nde2 Nf6 34.Nd4 g4 35.f4 Bxd4 36.Qxd4 Nfxe4 37.Nxe4
Bxe4+ 38.Kb2 Qd6 39.Kc3 Nxa4+ 40.Kd2 Nc5 41.Kc3 Na4+ 42.Kd2 Qb4+ 43.Ke2 Bf3+
44.Kf1 Nc5 45.f5 Nxb3 46.f6+ Ke8 47.Bxb3 Qxb3 48.Be3 Qb5+ 49.Kg1 Qb1+ 50.Kf2
Qc2+ 51.Bd2 Qe4 52.Qxe4 Bxe4 53.Ke3 Bg6 54.Kf4 Kd7 55.Kxg4 h5+ 56.Kf4 Kd6 57.Ke3
e5 58.Bc3 Ke6 59.Ke2 Kxf6 60.Bd2 Ke6 61.Be3 b5 62.Bb6 a4 63.Bc5 Kd5 64.Be7 f5
65.Kd2 Kd4 66.Bd6 Bf7 67.Kc2 Bb3+ 68.Kd2 Bc4 69.Kc2 Bd3+ 70.Kd2 e4 71.Bf4 b4
72.Be3+ Kc4 73.Bf4 a3 74.Bd6 Kb3 75.Kc1 Ka4 76.Kd2 b3 77.Be5 b2

[Event "aut_chT03"]
[Site "Jenbach"]
[Date "2004.01.25"]
[Round "7"]
[Board "6"]
[White "Huber, David"]
[Black "Hinterberger, Werner"]
[Result "1/2-1/2"]
[WhiteElo "2126"]
[BlackElo "2100"]
[PlyCount "62"]

1.Nc3 Nf6 2.g3 d5 3.Bg2 c6 4.d3 Bf5 5.Nf3 h6 6.Bd2 e6 7.Qc1 Be7 8.Rb1 a5 9.O-O
Nbd7 10.h3 e5 11.g4 Bh7 12.Kh1 Qc7 13.Rg1 Nf8 14.Nd1 Ne6 15.c4 e4 16.Ne1 Qe5
17.f4 exf3 18.Nxf3 Qxe2 19.cxd5 Nxd5 20.Nc3 Nxc3 21.bxc3 O-O 22.Rxb7 Bd6 23.d4
Qc4 24.Nh4 Rab8 25.Rxb8 Rxb8 26.Nf5 Bf8 27.a3 Rb3 28.Bf1 Qd5+ 29.Bg2 Qc4 30.Bf1
Qd5+ 31.Bg2 Qc4

[Event "aut_chT03"]
[Site "Jenbach"]
[Date "2004.03.18"]
[Round "8"]
[Board "1"]
[White "Kindermann, Stefan"]
[Black "Gustafsson, Jan"]
[Result "1/2-1/2"]
[WhiteElo "2542"]
[BlackElo "2572"]
[PlyCount "39"]

1.e4 e5 2.Nf3 Nc6 3.Bb5 a6 4.Bxc6 dxc6 5.O-O f6 6.d4 exd4 7.Nxd4 c5 8.Ne2 Qxd1
9.Rxd1 Bd7 10.Nbc3 O-O-O 11.Be3 Re8 12.Rd2 Bc6 13.Rad1 b6 14.f3 Ne7 15.Nf4 Ng6
16.Nh5 Ne5 17.b3 c4 18.Nd5 Kb7 19.Kf2 a5 20.a4

[Event "aut_chT03"]
[Site "Jenbach"]
[Date "2004.03.18"]
[Round "8"]
[Board "3"]
[White "Wittmann, Walter"]
[Black "Naumann, Alexander"]
[Result "1/2-1/2"]
[WhiteElo "2326"]
[BlackElo "2529"]
[PlyCount "61"]

1.e4 c5 2.Nf3 d6 3.d4 cxd4 4.Nxd4 Nf6 5.Nc3 a6 6.Be2 Nbd7 7.a4 b6 8.O-O Bb7 9.f3
e6 10.Be3 Be7 11.Qd2 Qc7 12.Rfd1 O-O 13.a5 Rfb8 14.axb6 Nxb6 15.Na4 Nxa4 16.Rxa4
d5 17.exd5 Nxd5 18.Bf2 Rd8 19.Qe1 Bd6 20.g3 Nb6 21.Ra2 Bc5 22.b4 Bf8 23.c4 e5
24.Nb3 Rxd1 25.Bxd1 Re8 26.Na5 Ba8 27.c5 Nd5 28.Nc4 Qb7 29.Rb2 Qb8 30.Ba4 Re7
31.Nd6

[Event "aut_chT03"]
[Site "Jenbach"]
[Date "2004.03.18"]
[Round "8"]
[Board "4"]
[White "Novkovic, Milan"]
[Black "Watzka, Horst"]
[Result "1-0"]
[WhiteElo "2371"]
[BlackElo "2338"]
[PlyCount "63"]

1.d4 Nf6 2.Nf3 g6 3.c4 Bg7 4.Nc3 O-O 5.Bg5 h6 6.Bh4 d6 7.e3 Nbd7 8.Qc2 c6 9.Be2
e5 10.O-O Re8 11.Rad1 Qc7 12.b4 g5 13.Bg3 g4 14.Nh4 Nf8 15.c5 d5 16.Bxe5 Rxe5
17.dxe5 Qxe5 18.Bd3 Qg5 19.g3 N6d7 20.e4 dxe4 21.Nxe4 Qh5 22.f4 gxf3 23.Nxf3 Nf6
24.Nxf6+ Bxf6 25.Bc4 Bh3 26.Rf2 Kg7 27.Nh4 Re8 28.Nf5+ Bxf5 29.Rxf5 Qg4 30.Rf4
Qg5 31.Rdf1 Nd7 32.Qd1

[Event "aut_chT03"]
[Site "Jenbach"]
[Date "2004.03.18"]
[Round "8"]
[Board "5"]
[White "Singer, Richard"]
[Black "Gaertner, Guntram"]
[Result "1/2-1/2"]
[WhiteElo "2269"]
[BlackElo "2340"]
[PlyCount "65"]

1.d4 d5 2.Nf3 c6 3.Bf4 Nf6 4.e3 Bg4 5.Nbd2 e6 6.Bd3 Nbd7 7.O-O Be7 8.h3 Bh5 9.c4
O-O 10.c5 Re8 11.g4 Bg6 12.Bxg6 hxg6 13.Qc2 Qc8 14.Rfc1 Bd8 15.e4 Nxe4 16.Nxe4
dxe4 17.Qxe4 Bc7 18.Be5 Nf6 19.Qc2 Rd8 20.Bxf6 gxf6 21.Re1 Rd5 22.Re2 Qf8
23.Rae1 Rad8 24.b4 b5 25.a4 a6 26.axb5 axb5 27.Ra1 Ra8 28.Rxa8 Qxa8 29.Rxe6 fxe6
30.Qxg6+ Kh8 31.Qxf6+ Kg8 32.Qxe6+ Kh8 33.Qh6+

[Event "aut_chT03"]
[Site "Jenbach"]
[Date "2004.03.18"]
[Round "8"]
[Board "2"]
[White "Schroll, Gerhard"]
[Black "Beim, Valeri"]
[Result "1/2-1/2"]
[WhiteElo "2404"]
[BlackElo "2518"]
[PlyCount "44"]

1.e4 d6 2.d4 Nf6 3.Nc3 g6 4.Bg5 Bg7 5.Qd2 h6 6.Bf4 g5 7.Be3 Ng4 8.h4 Nxe3 9.fxe3
e6 10.O-O-O g4 11.Bc4 Nc6 12.Nge2 Bd7 13.Nf4 Qe7 14.Nh5 Rg8 15.Qf2 O-O-O 16.Rdf1
Rdf8 17.Nf6 Bxf6 18.Qxf6 h5 19.Ne2 Rh8 20.Rf2 Qxf6 21.Rxf6 Kd8 22.Rhf1 Ke7